Blood memory / (Record no. 368533)
[ view plain ]
| 000 -LEADER | |
|---|---|
| fixed length control field | 00581nam a22002057a 4500 |
| 003 - CONTROL NUMBER IDENTIFIER | |
| control field | 0 |
| 005 - DATE AND TIME OF LATEST TRANSACTION | |
| control field | 20251108095831.0 |
| 008 - FIXED-LENGTH DATA ELEMENTS--GENERAL INFORMATION | |
| fixed length control field | 251108b xxu||||| |||| 00| 0 eng d |
| 020 ## - INTERNATIONAL STANDARD BOOK NUMBER | |
| International Standard Book Number | 978-0-7434-5415-5 |
| 050 ## - LIBRARY OF CONGRESS CALL NUMBER | |
| Classification number | PS 3569.L45 |
| Item number | .I44 2005 |
| 100 ## - MAIN ENTRY--PERSONAL NAME | |
| Personal name | Iles, Greg, |
| Relator term | author. |
| 245 ## - TITLE STATEMENT | |
| Title | Blood memory / |
| Statement of responsibility, etc | Greg Iles. |
| 260 ## - PUBLICATION, DISTRIBUTION, ETC. (IMPRINT) | |
| Place of publication, distribution, etc | New York, NY : |
| Name of publisher, distributor, etc | Pocket Star Book, |
| Date of publication, distribution, etc | 2005. |
| 300 ## - PHYSICAL DESCRIPTION | |
| Extent | 767 pages ; |
| Dimensions | 19 cm. |
| 650 ## - SUBJECT ADDED ENTRY--TOPICAL TERM | |
| Topical term or geographic name as entry element | Suspense fiction. |
| 650 ## - SUBJECT ADDED ENTRY--TOPICAL TERM | |
| Topical term or geographic name as entry element | Murder |
| General subdivision | Investigation |
| Form subdivision | Fiction. |
| 650 ## - SUBJECT ADDED ENTRY--TOPICAL TERM | |
| Topical term or geographic name as entry element | Thrillers (Fiction). |
| 650 ## - SUBJECT ADDED ENTRY--TOPICAL TERM | |
| Topical term or geographic name as entry element | Psychological fiction. |
| 942 ## - ADDED ENTRY ELEMENTS (KOHA) | |
| Source of classification or shelving scheme | Library of Congress Classification |
| Koha item type | Books |
| Withdrawn status | Lost status | Source of classification or shelving scheme | Damaged status | Home library | Current library | Shelving location | Date acquired | Source of acquisition | Sub Shelving location | Total Checkouts | Full call number | Barcode | Date last seen | Price effective from | Koha item type |
|---|---|---|---|---|---|---|---|---|---|---|---|---|---|---|---|
| Library of Congress Classification | College Library | College Library | Fiction Section | 08/01/2024 | Donation | PS 3569.L45 .I44 2005 | C25603 | 11/08/2025 | 11/08/2025 | Books |